000 00469nam a2200193Ia 4500
003 GCL
008 140319s9999 xx 000 0 eng d
040 _aGCL /
_cGCL
082 0 4 _a843
_bZ D
100 1 _aZOLA, EMILE
245 1 0 _aLA DEBACLE /
_cZOLA, EMILE
260 _a[S.N] :
_bGALLIMARD ،
_c1995
300 _a663 P
490 _aCOLLECTION FOLIO CLASSIQUE
_v0
650 0 4 _aLITERATURE
650 0 4 _aPARIS
650 0 4 _aFRENCH LITERATURE
942 _2ddc
_cBK
999 _c23250
_d23250